zpět

Detail výsledku týmu

Pod Jasanem, Rokycany

Datum a čas kvízu

28.5 Celkem bodů Celkový počet nahraných bodů na tomto kvízu bez doplňovacích otázek.
6. Pořadí na kvízu Konečné umístění týmu na tomto kvízu.

Zaznamenané odpovědi

# Otázka Odpověď Body Výsledky
1. Jak se jmenuje sídlo na Uhersk... D 0
2. Mezinárodní tým záchranářů v ú... v Turecku 1
3. 29. ročník Setkání pod rokycan... UDG, Michal Hrůza 1
4. Ve které zemi vydal telekomuni... ve Francii 1
5. Která tenistka, světová jednič... Simona Halep 0
6. Anglický výraz GOAT zkracuje o... Bobby Orr 0
7. Nejrychlejší muž planety a osm... Carl Lewis 1
8. Pokud se kohokoliv zeptáte na... 1D 2A 3B 4C 1
9. Ve voze které stáje vyhrál své... Benetton 0
10. V březnu 2023 tato americká ly... Mikaela Shiffrin 1